Statistics for Oklahoma Trivia

Click here to take the quiz!

General Stats

  • This quiz has been taken 234 times
  • The average score is 11 of 15

Answer Stats

HintAnswer% Correct
Capital cityOklahoma City
98%
2nd largest cityTulsa
97%
Number of states that share borders with Oklahoma6
94%
River at the Texas-Oklahoma borderRed River
93%
Only major sports teamOklahoma City Thunder
90%
State NicknameSooner State
89%
Home of the University of OklahomaNorman
88%
Movie about tornados set in OklahomaTwister
83%
Country musician famous for the song "Friends in Low Places" among many othersGarth Brooks
80%
Year Oklahoma became a state1907
77%
Famous cowboy humoristWill Rogers
63%
State rockRose Rock
55%
The Native American language that gave Oklahoma it's nameChoctaw
53%
State birdScissor-Tailed Flycatcher
41%
Capital of the Cherokee NationTahlequah
30%

Score Distribution

Percentile by Number Answered

Percent of People with Each Score

Your Score History

You have not taken this quiz